LEADER 00883nam0 2200289 450 001 000004199 005 20111122171005.0 010 $a0-13-046592-5 100 $a20020926d2000----km-y0itay50------ba 101 0 $aeng 102 $aUS 200 1 $aOptions, futures & other derivatives$fJohn C. Hull 205 $a5. ed. 210 $aNew Jersey,$cPrentice Hall$d2000c 215 $aXXI, 744 p.$ctab.$d25 cm 225 2 $aPrentice Hall finance series 410 0$12001$aPrentice Hall finance series 451 0$1001000028505 500 10$aOptions, futures and other derivatives$916390 610 1 $aMercato dei capitali 676 $a332.644$v20 700 1$aHull,$bJohn C.$089443 801 0$aIT$bUNIPARTHENOPE$gRICA$2UNIMARC 912 $a000004199 951 $cNAVA2$a313/68$b9823$d20020926 996 $aOptions, futures and other derivatives$916390 997 $aUNIPARTHENOPE LEADER 01412nam0 2200325 450 001 000022261 005 20090113104759.0 010 $a978-88-222-5687-4 100 $a20080925d2007----km-y0itaa50------ba 101 0 $aita 102 $aIT 200 1 $a<> linguaggi dell'altro$eforme dell'alterità nel testo letterario$eatti del Convegno I linguaggi dell'Altro/altro, Università di Lecce, 21-22 aprile 2005$fa cura di A. M. Piglionica, C. Bacile di Castiglione, M. S. Marchesi 210 $aFirenze$cOlschki$d2007 215 $aXXIII, 226 p.$cill.$d24 cm 225 2 $aBiblioteca dell'Archivum Romanicum$v339 410 1$12001$aBiblioteca dell'Archivum Romanicum$v339 606 1 $aLetteratura$xTema dell'alterità 676 $a809.9335$v(21. ed.)$9Storia, descrizione, studi critici di più di due letterature su specifici temi e soggetti. Umanità 702 1$aPiglionica,$bAnna Maria 702 1$aBacile Di Castiglione,$bClaudia 702 1$aMarchesi,$bMaria Serena 801 0$aIT$bUniversità della Basilicata - B.I.A.$gRICA$2unimarc 912 $a000022261 996 $aLinguaggi dell'altro$987980 997 $aUNIBAS BAS $aLETTERE CAT $aSTD065$b01$c20080925$lBAS01$h1030 CAT $aMDL$b00$c20090113$lBAS01$h1047 FMT Z30 -1$lBAS01$LBAS01$mBOOK$1BASA1$APolo Storico-Umanistico$2DID$BDidattica$3FM/107285$6107285$5L107285$820080925$f04$FPrestabile Didattica